For better or for best. (Record no. 14666)

000 -LEADER
fixed length control field 00624nam a2200205 a 4500
001 - CONTROL NUMBER
control field :::00012499$&:&@@
003 - CONTROL NUMBER IDENTIFIER
control field OkBaRHE
005 - DATE AND TIME OF LATEST TRANSACTION
control field 20000607103420.0
008 - FIXED-LENGTH DATA ELEMENTS--GENERAL INFORMATION
fixed length control field j 000 0 eng u
020 ## - INTERNATIONAL STANDARD BOOK NUMBER
International Standard Book Number 0310448719 (pbk.)
040 ## - CATALOGING SOURCE
Transcribing agency
100 1# - MAIN ENTRY--PERSONAL NAME
Personal name Smalley, Gary and Scott, Steve.
245 10 - TITLE STATEMENT
Title For better or for best.
260 ## - PUBLICATION, DISTRIBUTION, ETC. (IMPRINT)
Place of publication, distribution, etc King of Prussia, PA., :
Name of publisher, distributor, etc R. M. Marketing
300 ## - PHYSICAL DESCRIPTION
Extent 150 p. ;
Dimensions 24 cm.
650 ## - SUBJECT ADDED ENTRY--TOPICAL TERM
Topical term or geographic name as entry element Marriage
700 ## - ADDED ENTRY--PERSONAL NAME
Personal name Scott, Steve, 1948- , Joint author.
942 ## - ADDED ENTRY ELEMENTS (KOHA)
Source of classification or shelving scheme
Koha item type Books
Copies
Date acquired Shelving location Source of classification or shelving scheme Withdrawn status Not for loan Date last seen Koha item type Barcode Lost status Damaged status Copy number Full call number Price effective from Permanent Location
2010-04-14General Stacks   2010-04-14Books12499  1HQ 734 .S6832010-04-14RHEMA Bible Training College